| 000 | 00430nam a2200157Ia 4500 | ||
|---|---|---|---|
| 008 | 151213s9999 xx 000 0 und d | ||
| 020 | _a0-35770936-3 | ||
| 100 | _aMoustofa Bayoumi, Andrw Rubin | ||
| 245 |
_aThe Edward Said Reader _cMoustofa Bayoumi, Andrw Rubin |
||
| 260 |
_aNew York _bVintage _c2000 |
||
| 300 | _a7159 p. | ||
| 650 | _aEnglish | ||
| 650 | _aEnglish | ||
| 700 | _aMoustofa Bayoumi, Andrw Rubin | ||
| 999 |
_c3802 _d3802 |
||